| 000 | 00765nam a2200301Ia 4500 | ||
|---|---|---|---|
| 005 | 20250425160813.0 | ||
| 008 | 250425s9999 xx 000 0 und d | ||
| 020 | _a842340367X | ||
| 041 | _aspa | ||
| 043 | _asp | ||
| 082 | _a658.403 | ||
| 100 | _aRAIFFA, HOWARD | ||
| 245 | 0 | _aANALISIS DE LA DECISION EMPRESARIAL | |
| 250 | _a1A ED. | ||
| 260 | _aBILBAO | ||
| 260 |
_aEspaña _bDEUSTO S.A _c1978 |
||
| 300 | _a308 | ||
| 500 | _aTítulo Traducido: DECISION ANALYSIS | ||
| 650 | _aANALISIS (GENERAL) | ||
| 650 | _aPROBABILIDADES | ||
| 650 | _aPROBLEMAS Y EJERCICIOS | ||
| 650 | _aRIESGOS | ||
| 650 | _aTOMA DE DECISIONES | ||
| 700 |
_aRAFAEL VINADER ZURBANO _etraductor |
||
| 710 | _aEDICIONES DEUSTO S.A. | ||
| 942 | _c01 | ||
| 010 | _a5622 | ||
| 999 |
_c196474 _d196474 |
||